Real Madrid vs FC Barcelona 2-3 Starting XI + Substitues - Statistics

General Stats
  • This quiz has been taken 345 times
  • The average score is 22 of 28
Answer Stats
Position FotMob Rating Player % Correct
LW 7.2 Cristiano Ronaldo
96%
RW, 2 goals 9.5 Lionel Messi
95%
ST <--- 82' 6.3 Karim Benzema
94%
RW <--- 39' 6.3 Gareth Bale
93%
ST 7.1 Luis Suárez
93%
LCB, 1 red card 4.9 Sergio Ramos
93%
RCM 6.3 Luka Modric
92%
GK 7.8 Marc-Andre ter Stegen
92%
GK 5.9 Keylor Navas
91%
CDM, 1 goal <--- 70' 7.7 Casemiro
90%
RB 6.4 Daniel Carvajal
90%
RCB 7.2 Gerard Piqué
90%
LB, 1 assist 7.4 Jordi Alba
90%
LB, 1 assist 7.4 Marcelo
90%
LCM 6.9 Toni Kroos
90%
CDM 7.7 Sergio Busquets
89%
LCM 7.5 Andrés Iniesta
87%
Manager Zinedine Zidane
87%
RCM, 1 goal, 1 assist 8.5 Ivan Rakitic
80%
Manager Luis Enrique
76%
RB 7.3 Sergi Roberto
75%
LCB 7.1 Samuel Umtiti
65%
RW (sub) ---> 39' 5.6 Marco Asensio
64%
ST (sub) ---> 82', 1 goal James Rodriguez
54%
LW (sub) ---> 70' 5.9 André Gomes
35%
CDM (sub) ---> 70' 6.0 Mateo Kovacic
31%
RCB 6.1 Nacho Fernandez
28%
LW <--- 70' 6.4 Paco Alcácer
21%
No matching quizzes found
Score Distribution
Percent of People with Each Score
Percentile by Number Answered
Your Score History
You have not taken this quiz